| 000 | 00660nam a2200229 a 4500 | ||
|---|---|---|---|
| 008 | |||
| 020 | _a0471530085 (hbk.) | ||
| 049 | _aMAIN | ||
| 090 |
_aQD33 _bBRA |
||
| 100 | 1 | _aBrady, James E. | |
| 245 | 1 | 0 |
_aChemistry : _bthe study of matter and its changes / _cJames E. Brady, John R. Holum. |
| 260 |
_aNew York : _bWiley, _cc1993. |
||
| 300 |
_a1109 [97] p. : _bill. (some col.) ; _c27 cm. |
||
| 500 | _aIncludes index. | ||
| 650 | 0 | _aChemistry. | |
| 700 | 1 | _aHolum, John R. | |
| 907 |
_a.b10012783 _b04-05-12 _c17-04-03 |
||
| 003 | |||
| 005 | 20230123133657.0 | ||
| 040 | _cNUST | ||
| 942 |
_cBOOKS _kQD33 _mBRA |
||
| 999 |
_c152719 _d152719 |
||